000 00855cam a22002897a 4500
003 CHAP
005 20220329135815.0
008 971013c19941989 r 00010 d
010 _a42538
011 _a43510
035 _a47646
040 _cCHAP
082 _a634.90942
_bJ35 1989
100 0 0 _aJames, N. D. G.
_961019
245 1 4 _aThe forester's companion
250 _a4 ed.
260 _aOxford :
_bBlackwell,
_c1994 [c.1989]
300 _a310 p.
590 _aBATCH-UPD
_b10
_c20130110
_lUCH01
_h1617
590 _aBATCH-UPD
_b10
_c20130410
_lUCH01
_h1012
590 _aBATCH-UPD
_b10
_c20130914
_lUCH01
_h0713
590 _aCONVERSION
_b10
_c20130109
_lUCH01
_h1323
650 1 4 _aBosques
_xGran BretaƱa.
_914197
901 _aBK
942 _cLIBRO
949 _a634.90942 J35 1989
_bBC
_cLIBRO
_d33724000008900
_eLIBRO
_gI.c/e
_h89020
_i47646
_si
_t76.30
999 _c42538
_d42538